000 00588nam a2200181Ia 4500
008 090124s9999 xx 000 0 und d
082 _b30758
100 _aम्हात्रे शैलजा सतीश
245 _a मानसकन्या
250 _a1
260 _bसरस प्रकाशन
_c1990
300 _a103
600 _aम्हात्रे शैलजा सतीश
630 _a मानसकन्या
700 _aम्हात्रे शैलजा सतीश
730 _a मानसकन्या
942 _cBOOK
999 _c96327
_d96327